000 01151cam a2200337 i 4500
001 17707114
003 ARRUPE
005 20161128153644.0
008 130422t2013 nju b 001 0 eng
010 _a 2013008390
020 _a9780691158853 (pbk. : alk. paper)
040 _aDLC
_beng
_cDLC
_erda
_dDLC
042 _apcc
043 _an-us---
050 0 0 _aBR115.W6
_bC65 1966
082 0 0 _a261
_223
100 1 _aCox, Harvey,
_d1929-
_927643
245 1 4 _aThe secular city :
_bsecularization and urbanization in theological perspective /
_cHarvey Cox
250 _aRev. ed.
260 _aNew York
_bMacmillan company
300 _a244p.
_c22 cm
504 _aIncludes bibliographical references (pages 321-327) and index.
650 0 _aChurch and the world.
_927644
650 0 _aSecularization (Theology)
_91632
650 0 _aCity churches.
_912596
650 0 _aCities and towns
_zUnited States.
_920623
650 0 _aSociology, Urban.
_912682
906 _a7
_bcbc
_corignew
_d1
_eecip
_f20
_gy-gencatlg
942 _2lcc
_cMONOGRAPH
999 _c125789
_d125789